Normal view MARC view
  • Kickapoo Lucky Eagle Casino

Entry Nombre Corporativo

Number of records used in: 1

001 - NÚMERO DE CONTROL

  • campo de control: 27818

003 - IDENTIFICADOR DE NUMERO DE CONTROL

  • campo de control: UPN

005 - FECHA Y HORA DE LA ÜLTIMA TRANSACCIÓN

  • campo de control: 20221107094420.0

008 - DATOS DE LONGITUD FIJA

  • campo de control de longitud fija: 221107nn acnnnaabn a ana |d

035 ## - NÚMERO DE CONTROL

  • Número de control: UPN10000027827

040 ## - FUENTE DE CATALOGACIÓN

  • Lenguaje de catalogación: spa
  • Agencia transcribe: MX-MxUPN
  • Agencia original de catalogación: MX-MxUPN

110 2# - ENCABEZAMIENTO - NOMBRE CORPORATIVO

  • Nombre corporativo o de jurisdicción como elemento de entrada : Kickapoo Lucky Eagle Casino

670 ## - FUENTE EN LA QUE SE LOCALIZARON DATOS

  • Cita de la fuente : LC

902 ## - CATALOGADOR

  • Catalogador: MCM/220120